| 000 | 00826cab a2200277 4500 | ||
|---|---|---|---|
| 001 | ABS51906 | ||
| 008 | 090401t1994 xxu||||| |||| 00| 0 eng d | ||
| 035 | _a(Sirsi) u49935 | ||
| 041 | _aeng | ||
| 245 | _aCambridge calling: Ionica building | ||
| 260 | _c1994 | ||
| 350 | _a0 | ||
| 490 |
_aArchitects` Journal _v200(21) 1 December 1994, 29-38(10) |
||
| 520 | _aNaturally ventilated headquarters for the telecommunications company, Ionica, in Cambridge. | ||
| 650 | _aBUILT ENVIRONMENT-BUILDING COSTS | ||
| 650 | _aCAMBRIDGE | ||
| 650 | _aCOST ANALYSIS | ||
| 650 | _aIONICA BUILDING | ||
| 650 | _aNATURAL VENTILATION | ||
| 650 | _aOFFICE BUILDINGS | ||
| 650 | _aRH PARTNERSHIP | ||
| 650 | _aST JOHNS INNOVATION CENTRE | ||
| 690 | _aBUILDING AND CONSTRUCTION-PROJECTS | ||
| 942 | _n0 | ||
| 948 | _c04/03/1997 | ||
| 999 |
_c31250 _d31250 |
||